| 000 | 00453nam a22001457a 4500 | ||
|---|---|---|---|
| 008 | 230612b |||||||| |||| 00| 0 eng d | ||
| 040 |
_aNational Science Library _cNational Science Library |
||
| 080 |
_aR 912 _bK6 |
||
| 245 |
_aHamond Medallion world atlas _c/ Hamond Incorporated Maplewood |
||
| 260 |
_aNew Jersey: _bHamond Incorporated Maplewood, _c1966 |
||
| 300 | _axliv, 415p. | ||
| 650 | _aGeography | ||
| 653 | _aAtlas | ||
| 942 |
_2udc _cREF |
||
| 999 |
_c42210 _d42210 |
||